[Event "EU-ch rapid"]
[Site "Katowice"]
[Date "2017.12.17"]
[Round "8"]
[White "Gazik, Igor"]
[Black "Koziol, Kamil"]
[Result "1-0"]
[WhiteElo "2257"]
[BlackElo "2305"]
[PlyCount "92"]
[EventDate "2017.12.16"]
[EventType "swiss (rapid)"]
[EventRounds "11"]
[EventCountry "POL"]
[SourceTitle "CBM 182 Extra"]
[Source "ChessBase"]
[SourceDate "2018.02.23"]
[SourceVersion "1"]
[SourceVersionDate "2018.02.23"]
[SourceQuality "1"]

1. d4 d5 2. Nf3 Nf6 3. e3 e6 4. Nbd2 c5 5. c3 Nc6 6. Bd3 Bd6 7. 0-0 0-0 8. Qe2 Qc7 9. dxc5 Bxc5 10. e4 b6 11. e5 Ng4 12. Bxh7+ Kxh7 13. Ng5+ Kg8 14. Qxg4 Qxe5 15. Ndf3 Qf6 16. Qh4 Qg6 17. Re1 e5 18. b4 e4 19. bxc5 exf3 20. Nxf3 bxc5 21. Ba3 Bf5 22. Bxc5 Rfe8 23. Nd4 Nxd4 24. Bxd4 Re4 25. Rxe4 Bxe4 26. Qh3 Bb1 27. Qd7 Be4 28. Qh3 Bb1 29. Qg3 Qxg3 30. hxg3 Bd3 31. Re1 Bc4 32. a3 a6 33. Rb1 Re8 34. Be3 Bb5 35. Rd1 Bc4 36. Rb1 Bb5 37. Rb4 Rc8 38. Bd4 Rc4 39. Rb1 f6 40. g4 Kf7 41. Kh2 Ra4 42. Ra1 Bc4 43. Kg3 Ra5 44. a4 Bb5 45. c4 Rxa4 46. cxb5 Rxa1 1-0

[Event "EU-ch rapid"]
[Site "Katowice"]
[Date "2017.12.17"]
[Round "10"]
[White "Gazik, Igor"]
[Black "Marczuk, Dominik"]
[Result "1/2-1/2"]
[WhiteElo "2257"]
[BlackElo "2278"]
[PlyCount "91"]
[EventDate "2017.12.16"]
[EventType "swiss (rapid)"]
[EventRounds "11"]
[EventCountry "POL"]
[SourceTitle "CBM 182 Extra"]
[Source "ChessBase"]
[SourceDate "2018.02.23"]
[SourceVersion "1"]
[SourceVersionDate "2018.02.23"]
[SourceQuality "1"]

1. e4 c5 2. Nc3 Nc6 3. g3 g6 4. Bg2 Bg7 5. d3 d6 6. Be3 e6 7. Qd2 Nd4 8. Nf3 Ne7 9. 0-0-0 Nec6 10. Kb1 Bd7 11. Bh6 Nxf3 12. Bxf3 Bxh6 13. Qxh6 Qf6 14. Qe3 Nd4 15. Bg2 0-0-0 16. f4 Qe7 17. h4 h5 18. Rhf1 Bc6 19. Rd2 Kb8 20. Nd1 Rhe8 21. Re1 Qd7 22. c3 Nb5 23. Nf2 f5 24. Bh3 b6 25. d4 c4 26. b3 cxb3 27. axb3 d5 28. e5 Rc8 29. Rc1 Qe7 30. Ra2 Nc7 31. Kb2 Kb7 32. Rca1 Ra8 33. b4 Bb5 34. Bf1 Qd7 35. Bd3 Rec8 36. Nd1 Bc4 37. Bxc4 dxc4 38. Qf3+ Qd5 39. Qxd5+ Nxd5 40. Kc2 a6 41. Kd2 b5 42. Nf2 Rc7 43. Nh3 Kb6 44. Ng5 Re7 45. Nf3 Raa7 46. Ng5 1/2-1/2

[Event "EU-ch rapid"]
[Site "Katowice"]
[Date "2017.12.17"]
[Round "9"]
[White "Krejci, Jan1111"]
[Black "Gazik, Igor"]
[Result "1-0"]
[WhiteElo "2570"]
[BlackElo "2257"]
[PlyCount "74"]
[EventDate "2017.12.16"]
[EventType "swiss (rapid)"]
[EventRounds "11"]
[EventCountry "POL"]
[SourceTitle "CBM 182 Extra"]
[Source "ChessBase"]
[SourceDate "2018.02.23"]
[SourceVersion "1"]
[SourceVersionDate "2018.02.23"]
[SourceQuality "1"]

1. d4 g6 2. e4 Bg7 3. Nc3 d6 4. Be3 c6 5. h3 b5 6. Bd3 Nd7 7. f4 e5 8. Nf3 exd4 9. Nxd4 Bb7 10. 0-0 a6 11. a4 b4 12. Nce2 Ngf6 13. Ng3 0-0 14. Qf3 c5 15. Nb3 Qc7 16. Nd2 Rfe8 17. Qf2 d5 18. e5 d4 19. Bxd4 cxd4 20. exf6 Nxf6 21. f5 Bh6 22. Nc4 Nd5 23. fxg6 hxg6 24. Ne4 Ne3 25. Nf6+ Kf8 26. Qh4 Bg7 27. Nxe8 Rxe8 28. Nxe3 dxe3 29. Bxg6 Re7 30. Qxb4 Qc6 31. Rxf7+ Kg8 32. Be4 Rxe4 33. Qxb7 Qxb7 34. Rxb7 e2 35. Rxg7+ Kxg7 36. Kf2 e1Q+ 37. Rxe1 Rxa4 1-0